Biblioteca y Centro de Documentación

De la convergencia a las instituciones (Registro nro. 49694)

Detalles MARC
000 -CABECERA
Longitud fija campo de control 01040naa a2200253 c 4500
001 - NÚMERO DE CONTROL
Número de control 49694
003 - IDENTIFICADOR DE NÚMERO DE CONTROL
Identificador del número de control ES-MaCES
005 - FECHA Y HORA DE LA ÚLTIMA TRANSACCIÓN
Fecha y hora de la última transacción 20170712125142.0
008 - CAMPO FIJO DE DESCRIPCIÓN FIJA--INFORMACIÓN GENERAL
Códigos de información de longitud fija   170712s2017 sp ||||| t||||||| ||spa d
040 ## - FUENTE DE CATALOGACIÓN
Centro catalogador de origen ES-MaCES
Lengua de catalogación spa
Centro transcriptor ES-MaCES
Centro modificado ES-MaCES
100 1# - ENCABEZAMIENTO PRINCIPAL--NOMBRE PERSONAL
9 (RLIN) 22416
Nombre de persona Rodríguez Pose, Andrés
245 10 - MENCIÓN DE TÍTULO
Título De la convergencia a las instituciones
Resto del título : repensando las políticas de desarrollo regional
Mención de responsabilidad, etc. Andrés Rodríguez-Pose
504 ## - NOTA DE BIBLIOGRAFÍA, ETC.
Nota de bibliografía, etc. Bibliografía: p. 294-298
650 #4 - ASIENTO SECUNDARIO DE MATERIA--TÉRMINO DE MATERIA
9 (RLIN) 30779
Término de materia o nombre geográfico como elemento inicial política regional
650 #4 - ASIENTO SECUNDARIO DE MATERIA--TÉRMINO DE MATERIA
9 (RLIN) 29802
Término de materia o nombre geográfico como elemento inicial desarrollo institucional
650 #4 - ASIENTO SECUNDARIO DE MATERIA--TÉRMINO DE MATERIA
9 (RLIN) 29186
Término de materia o nombre geográfico como elemento inicial desarrollo regional
650 #4 - ASIENTO SECUNDARIO DE MATERIA--TÉRMINO DE MATERIA
9 (RLIN) 29234
Término de materia o nombre geográfico como elemento inicial desarrollo económico y social
650 #4 - ASIENTO SECUNDARIO DE MATERIA--TÉRMINO DE MATERIA
9 (RLIN) 27094
Término de materia o nombre geográfico como elemento inicial crecimiento económico
650 #4 - ASIENTO SECUNDARIO DE MATERIA--TÉRMINO DE MATERIA
9 (RLIN) 29372
Término de materia o nombre geográfico como elemento inicial desigualdad regional
653 10 - TÉRMINO DE INDEXACIÓN--NO CONTROLADO
Término no controlado Desarrollo regional
773 0# - ENTRADA DE DOCUMENTO FUENTE
Itemnumber del ítem fuente 86231
Edición 1ª ed
Lugar, editor y fecha de publicación Cizur Menor (Navarra) Civitas-Thomson Reuters 2017
Otro identificador del documento 089128
Título Política económica, economía regional y servicios
Número de control del registro relacionado (ES-MaCES)49528
Número Internacional Normalizado para Libros (ISBN) 9788491526452
Parte(s) relacionada(s) p.281-298 . - SG-0.0.-631
902 ## - CES. TIPO DE DOCUMENTO
Tipodoc (006$c Sirtex) ARL Artículo de libro
942 ## - ELEMENTOS KOHA
Fuente de clasificaión o esquema Clasificación propia del CES
Koha [por defecto] tipo de item Artículos (1982-2017)
Parte de clasificación Desarrollo Regional

No hay ítems disponibles.

© CES, Consejo Económico y Social de España 2021